000 00592nam a2200181Ia 4500
008 151202s9999||||xx |||||||||||||| ||und||
082 _bPNVM-54530
100 _aजोशी स्नेहल.
245 _aकहाणी त्यांची.
260 _b"मनमोहिनी प्रकाशन,पुणे."
260 _c1989
300 _a224
600 _aजोशी स्नेहल.
630 _aकहाणी त्यांची.
700 _aजोशी स्नेहल.
730 _aकहाणी त्यांची.
942 _cBOOK
999 _c1321069
_d1321066